| 000 | 00468nam a22001697a 4500 | ||
|---|---|---|---|
| 003 | CEME | ||
| 005 | 20210628203151.0 | ||
| 008 | 210119b xxu||||| |||| 00| 0 eng d | ||
| 040 | _cceme | ||
| 082 | _a371.102 RES | ||
| 100 |
_aMujibul Hasan Siddiqui. Dr _963731 |
||
| 245 | _aResearch in teaching of science and mathematics | ||
| 260 |
_bASHISH PUBLISHING _c2004 |
||
| 300 | _aVII,309 P | ||
| 650 |
_aTEACHING OF SCIENCE AND MATHEMATICS _963732 |
||
| 942 |
_cBK _2ddc |
||
| 999 |
_c572460 _d572460 |
||